| 000 | 00578nam a2200205Ia 4500 | ||
|---|---|---|---|
| 005 | 20230114114507.0 | ||
| 008 | 131103s9999 xx 000 0 und d | ||
| 020 | _cRs.95.00 | ||
| 040 | _aLoreto College | ||
| 041 | _aEnglish | ||
| 082 |
_a954 _bALL |
||
| 100 | _aAllchin,Bridget | ||
| 245 | 4 |
_aThe Birth of Indian civilisation _b India and Pakistan before 500 B.C. _cBridget Allchin and Raymond Allchin |
|
| 260 |
_aNew Delhi _bPenguin Books _c1993 |
||
| 300 | _a338p | ||
| 650 | _aIndia,ancient-History | ||
| 700 | _aAllchin,Raymond | ||
| 850 | _aLCLIB | ||
| 942 | _cBK | ||
| 999 |
_c18463 _d68942 |
||